Most expensive Argentinian footballers - Statistics

General Stats
  • This quiz has been taken 49 times
  • The average score is 7 of 10
Answer Stats
Year Buying club Player Price (Euro) % Correct
2014 Manchester United Ángel Di María €75 million
93%
2015 PSG Ángel Di María €62 million
93%
2023 Chelsea Enzo Fernández €121 million
89%
2022 Manchester United Lisandro Martínez €57.4 million
80%
2024 Atlético Madrid Julián Álvarez €75 million
78%
2016 Juventus Gonzalo Higuaín €90 million
76%
2022 Tottenham Hotspur Cristian Romero €50 million
74%
2015 Manchester City Nicolás Otamendi €44.5 million
54%
2000 Lazio Hernán Crespo €56.8 million
52%
2020 PSG Mauro Icardi €50 million
35%
No matching quizzes found
Score Distribution
Percent of People with Each Score
Percentile by Number Answered
Your Score History
You have not taken this quiz